000 00385cam a2200145ua 4500
003 OSt
008 221117b |||||||| |||| 00| 0 eng d
041 _aeng
082 _a370.1
_bZAK/ED
100 _aZakir, hussain .
_95308
245 _aEducational reconstruction in India /
260 _aIndia :
_bPublication Division, Govt. of India ,
_c1959.
300 _a115 ; .
942 _cBK
999 _c12440
_d12440